Normal view MARC view

Entry Personal Name

Number of records used in: 1

001 - CONTROL NUMBER

  • control field: 93734

003 - CONTROL NUMBER IDENTIFIER

  • control field: OSt

005 - DATE AND TIME OF LATEST TRANSACTION

  • control field: 20230427103339.0

008 - FIXED-LENGTH DATA ELEMENTS

  • fixed length control field: 230427|| aca||aabn | a|a d

040 ## - CATALOGING SOURCE

  • Original cataloging agency: OSt
  • Transcribing agency: OSt

100 ## - HEADING--PERSONAL NAME

  • Personal name: RAFFEL (Burton);BROOKS (Peter)

670 ## - SOURCE DATA FOUND

  • Source citation: Work cat.: (OSt)161762: RAFFEL (Burton);BROOKS (Peter)., Norton critical edition Honore de Balzac pere goriot: a new translation responses contemporaries and other novelists twentieth century criticism., 2003